Normal view
MARC view
Entry Personal Name
001 - CONTROL NUMBER
- control field: 4374
003 - CONTROL NUMBER IDENTIFIER
- control field: BD-RjUL
005 - DATE AND TIME OF LATEST TRANSACTION
- control field: 20220814100914.0
008 - FIXED-LENGTH DATA ELEMENTS
- fixed length control field: 220814|| aca||aabn | a|a d
040 ## - CATALOGING SOURCE
- Original cataloging agency: BD-RjUL
- Transcribing agency: BD-RjUL
100 ## - HEADING--PERSONAL NAME
- Personal name: Islam, AK. M. Rafiul, Supervisor
670 ## - SOURCE DATA FOUND
- Source citation: Work cat.: (BD-RjUL)80199: Rahman, A. H. M. Mahbubur 4372, Taxonomic Studies of the Cucurbits Grown in the Northern Parts of Bangladesh /, 2004